| 000 | 00359nam a2200109Ia 4500 | ||
|---|---|---|---|
| 008 | 160909s9999 xx 000 0 und d | ||
| 100 | _aReid, Jack | ||
| 245 | _aThumb prints: Hitchhiking and American culture, 1928-1988 | ||
| 260 |
_bNorthern Arizona University. _c2016 |
||
| 650 | _aTOURISM | ||
| 856 | _uhttp://pqdtopen.proquest.com/doc/1808260483.html?FMT=ABS | ||
| 999 |
_c304960 _d304960 |
||